Hỏi-đáp về luật thuế thu nhập doanh nghiệp và các văn bản thi hành

সংরক্ষণ করুন:
গ্রন্থ-পঞ্জীর বিবরন
প্রধান লেখক: Nguyễn, Ngọc Điệp
বিন্যাস: গ্রন্থ
ভাষা:Undetermined
প্রকাশিত: Đồng Nai Nxb. Đồng Nai 1999
বিষয়গুলি:
ট্যাগগুলো: ট্যাগ যুক্ত করুন
কোনো ট্যাগ নেই, প্রথমজন হিসাবে ট্যাগ করুন!
Thư viện lưu trữ: Trung tâm Học liệu Trường Đại học Cần Thơ
LEADER 00657nam a2200205Ia 4500
001 CTU_39747
008 210402s9999 xx 000 0 und d
020 |c 16500 
082 |a 343.052 
082 |b Đ307 
100 |a Nguyễn, Ngọc Điệp 
245 0 |a Hỏi-đáp về luật thuế thu nhập doanh nghiệp và các văn bản thi hành 
245 0 |c Nguyễn Ngọc Điệp 
260 |a Đồng Nai 
260 |b Nxb. Đồng Nai 
260 |c 1999 
650 |a Taxation 
650 |x Law and legislation 
904 |i Nguyễn Quang Điền, 001204 
980 |a Trung tâm Học liệu Trường Đại học Cần Thơ